000 00387cam a2200157ua 4500
020 _cRs.2.50
041 _aeng
_h
082 _a891.54
_bLAK/RA
100 _aLakshmi narayan LAL, .
245 _aRatrani /
_cLakshminarayan.
_hTextual Documents
260 _a :
_bNational pub house ,
_c1966.
300 _a137 ; .
365 _aRs.2.50
504 _a
999 _c11629
_d11629